Sports Quiz

Random Sports or Rugby Quiz

Wales Rugby Players 2000 - 2015 Quiz Stats

 Plays Quiz not verified by Sporcle

Challenge
Share
Tweet
Embed
Score 0/186 Timer 20:00
0 Plays Today
% Correct
Adam Jones
96.9%
Adam Jones
96.9%
Alun-Wyn Jones
96.7%
Ryan Jones
96.4%
Duncan Jones
96.3%
Stephen Jones
96.3%
Shane Williams
96.1%
Mark Jones
95.9%
Deiniol Jones
95.5%
Matthew Jones
95.5%
Steve Jones
95.5%
Ceri Jones
95.4%
Dafyyd Jones
95.4%
Martyn Williams
95.4%
Rhodri Jones
95.3%
Liam Williams
95.1%
Rhys Williams
95%
Gareth Williams
94.7%
Barry Williams
94.6%
Steve Williams
94.6%
Andy Williams
94.6%
Lloyd Williams
94.4%
Owen Williams
94.3%
Rhodri Williams
94.1%
Gareth Davies
91.3%
Jonathan Davies
90.8%
Bradley Davies
90%
Mefin Davies
89.8%
Barry Davies
89.7%
Leigh Davies
89.7%
Gethin Jenkins
88.1%
Neil Jenkins
87.3%
Garin Jenkins
86.7%
Gareth Thomas
85.2%
Jamie Roberts
84.7%
Jonathan Thomas
84.4%
Arwel Thomas
84.4%
Rhys Thomas
84.3%
Gavin Thomas
84.2%
Iestyn Thomas
84.2%
Scott Williams
83.6%
Martin Roberts
83.2%
Eifion Roberts
83.1%
Mike Phillips
82.5%
Emyr Phillips
82%
Sam Warburton
81.5%
Leigh Halfpenny
81.2%
Ian Evans
80.6%
Daniel Evans
80%
Ben Evans
80%
Garan Evans
80%
Gavin Evans
79.9%
George North
79.9%
James Hook
78.9%
Paul James
78.4%
Tom James
78.1%
Alex Cuthbert
78.1%
Dafyyd James
78.1%
Will James
78.1%
Gavin Henson
75.7%
Matthew Rees
75.4%
Richie Rees
74.8%
% Correct
Dwayne Peel
73.4%
Matthew Morgan
73.3%
Michael Owen
72.7%
Colin Charvis
72.7%
Danny Lydiate
71.5%
Lee Byrne
69.8%
Toby Faletau
68.4%
Luke Charteris
68.2%
Ken Owens
67.6%
Dan Biggar
67.2%
Scott Quinnell
66.9%
Craig Quinnell
66.7%
Jake Ball
65.9%
Samson Lee
65.7%
Kevin Morgan
65.6%
Craig Morgan
65.3%
Scott Morgan
65.2%
Nicky Smith
65%
Justin Tipuric
64.1%
Tom Shanklin
64%
Andy Powell
63.1%
Hallam Amos
62.9%
Cory Allen
62.5%
Ryan Powell
62.3%
Ryan Priestland
62.1%
Harry Robinson
60.9%
Gareth Cooper
60.8%
Vernon Cooper
60.4%
Rob Howley
60.3%
Huw Bennett
60%
Richard Hibbard
59.1%
Rhys Webb
57.2%
Richard Smith
56.8%
Scott Baldwin
56.8%
Scott Gibbs
56.3%
Mark Taylor
56.3%
Jamie Robinson
55.9%
Nicky Robinson
55.8%
Aled Brew
55.2%
Dai Young
55.2%
Ian Gough
55%
Nathan Brew
55%
Paul Young
54.6%
Sonny Parker
53.5%
Spencer John
53.3%
Robert Sidoli
52%
Iestyn Harris
51.1%
Brent Cockbain
50.7%
Geraint Lewis
50%
Andrew Lewis
49.9%
James King
49.9%
Emyr Lewis
49.9%
Gareth Llewellyn
48.6%
Shane Howarth
48.3%
Ceri Sweeney
47.9%
Aaron Jarvis
47.3%
Tavis Knoyle
47.3%
Scott Andrews
46.2%
John Yapp
45.9%
Aaron Shingler
45.9%
Josh Navidi
45.3%
Robin McBryde
44.4%
% Correct
Chris Wyatt
44.4%
Gareth Wyatt
44.2%
Allan Bateman
43.6%
Tom Prydie
43.5%
Ashley Beck
43.4%
Hal Luscombe
42.7%
Dan Baker
42.1%
Rhys Patchell
41.8%
Alix Popham
41.7%
Brett Sinkinson
40.9%
Andrew Bishop
40.7%
Andrew Coombs
39.9%
Huw Harries
38.8%
Will Harries
38.6%
Craig Mitchell
38.1%
Lloyd Burns
38%
Ryan Bevington
37.4%
Morgan Stoddart
36.9%
Lou Reed
36.6%
Matthew Watkins
36.6%
Jason Jones-Hughes
36.3%
Olly Kohn
35.7%
Dafyyd Howells
35.4%
Chris Czekaj
35.1%
Rupert Moon
34.9%
Andy Lloyd
34.5%
Gareth Delve
34%
Rob McCusker
33.5%
Andy Moore
33.4%
Chris Horsman
33.4%
Andries Pretorius
33.1%
Darren Morris
32.8%
Richard Parks
32.8%
Peter Rogers
32.7%
Josh Turnbull
32.5%
Robin Sowden-Taylor
32.3%
Richie Pugh
32.2%
Jonathan Humphreys
32%
Chris Anthony
31.5%
Adam Warren
31.1%
Rhys Gill
31%
James Griffiths
31%
Andy Marinos
30.4%
Matt Cardey
29.6%
Martyn Madden
29.3%
Mike Voyle
28.8%
Ben Broster
28%
Nathan Budgett
27.7%
Warren Fury
27.5%
Wayne Proctor
27.3%
Nick Walne
27%
Jason Forster
26.6%
James Bater
26.5%
Jonathan Spratt
25.9%
Tal Selley
25.2%
Chris Stephens
24.6%
Rhys Oakley
24.2%
Jamie Ringer
24%
Adrian Durston
23.5%
Anthony Sullivan
22.9%
Jon Bryant
21.4%
Jason Strange
20.4%

You're not logged in!

Compare scores with friends on all Sporcle quizzes.
OR
Log In

You Might Also Like...

Show Comments

Extras

Created Apr 16, 2010SourceReportNominate
Tags:Rugby Quiz, 2000, 2010, player, wale

Top Quizzes Today


Score Distribution

Your Account Isn't Verified!

In order to create a playlist on Sporcle, you need to verify the email address you used during registration. Go to your Sporcle Settings to finish the process.

Report this User

Report this user for behavior that violates our Community Guidelines.

Details: